Néhány gondolat az elmúlt két évtized alföldi változásairól

Elmentve itt :
Bibliográfiai részletek
Szerző: Csatári Bálint
Dokumentumtípus: Könyv része
Megjelent: 2011
Sorozat:A Nagyalföld Alapítvány Kötetei
A környezeti változások és az Alföld
Kulcsszavak:Tájföldrajz - Alföld, Éghajlati változás - Alföld, Természetvédelem - Alföld, Tájökológia - Alföld
Tárgyszavak:
Online Access:http://acta.bibl.u-szeged.hu/62738
LEADER 00898naa a2200217 i 4500
001 acta62738
005 20260224081030.0
008 200106s2011 hu o 000 hun d
020 |a 978-963 85437 8 3 
040 |a SZTE Egyetemi Kiadványok Repozitórium  |b hun 
041 |a hun 
100 1 |a Csatári Bálint 
245 1 0 |a Néhány gondolat az elmúlt két évtized alföldi változásairól  |h [elektronikus dokumentum] /  |c  Csatári Bálint 
260 |c 2011 
300 |a 363-372 
490 0 |a A Nagyalföld Alapítvány Kötetei 
490 0 |a A környezeti változások és az Alföld 
650 4 |a Természettudományok 
650 4 |a Föld- és kapcsolódó környezettudományok 
695 |a Tájföldrajz - Alföld, Éghajlati változás - Alföld, Természetvédelem - Alföld, Tájökológia - Alföld 
856 4 0 |u http://acta.bibl.u-szeged.hu/62738/1/nagyalfoldi_007_363-372.pdf  |z Dokumentum-elérés